[Obras finalistas / (Record no. 46549)
[ view plain ]
| 000 -LEADER | |
|---|---|
| campo de control de longitud fija | 01160nam a2200301 i 4500 |
| 001 - NÚMERO DE CONTROL | |
| campo de control | 46549 |
| 003 - IDENTIFICADOR DE NÚMERO DE CONTROL | |
| campo de control | ES-MaACL |
| 005 - FECHA Y HORA DE LA ÚLTIMA TRANSACCIÓN | |
| campo de control | 20230906161414.0 |
| 007 - CAMPO FIJO DE DESCRIPCIÓN FÍSICA--INFORMACIÓN GENERAL | |
| campo de control de longitud fija | t| |
| 008 - DATOS DE LONGITUD FIJA--INFORMACIÓN GENERAL | |
| campo de control de longitud fija | 030408s1967 sp a ||||1| spa d |
| 080 ## - NÚMERO DE LA CLASIFICACIÓN DECIMAL UNIVERSAL | |
| Número de la Clasificación Decimal Universal | 821.134.2-321.2"19":061.75 |
| 111 2# - ENTRADA PRINCIPAL--NOMBRE DE CONGRESO/REUNIÓN | |
| Nombre de congreso/reunión o jurisdicción como elemento de entrada | Concurso Literario Popular del Club CCC ( |
| Número del congreso/reunión o número de parte o sección | 8º. |
| Fecha del congreso o de la firma del tratado | 1996. |
| Sede del congreso/Lugar de la reunión | San Sebastián) |
| 9 (RLIN) | 136 |
| 245 10 - MENCIÓN DEL TÍTULO | |
| Título | [Obras finalistas / |
| Mención de responsabilidad, etc. | 8º Concurso Literario Popular del Club CCC]. |
| 260 ## - PUBLICACIÓN, DISTRIBUCIÓN, ETC. | |
| Lugar de publicación, distribución, etc. | San Sebastián : |
| Nombre del editor, distribuidor, etc. | CCC, |
| Fecha de publicación, distribución, etc. | [1967] |
| 300 ## - DESCRIPCIÓN FÍSICA | |
| Extensión | 162 p. : |
| Otras características físicas | il. ; |
| Dimensiones | 20 cm. |
| 490 1# - MENCIÓN DE SERIE | |
| Mención de serie | El salto de la fortuna |
| 505 8# - NOTA DE CONTENIDO CON FORMATO | |
| Nota de contenido con formato | Contiene: El sol en el asfalto / por Rosario Barros Peña. La pasión azul / por Alejo F. Valenciano García. Malviviremos / por José Miguel Lana Fernández de Legaria |
| 650 #4 - PUNTO DE ACCESO ADICIONAL DE MATERIA--TÉRMINO DE MATERIA | |
| Término de materia o nombre geográfico como elemento de entrada | Novelas cortas españolas- |
| Subdivisión cronológica | S.XX. |
| 9 (RLIN) | 15633 |
| 700 1# - ENTRADA AGREGADA--NOMBRE PERSONAL | |
| Nombre de persona | Barros Peña, Rosario. |
| 9 (RLIN) | 26060 |
| 700 1# - ENTRADA AGREGADA--NOMBRE PERSONAL | |
| Nombre de persona | Valenciano García, Alejo F. |
| 9 (RLIN) | 112577 |
| 700 1# - ENTRADA AGREGADA--NOMBRE PERSONAL | |
| Nombre de persona | Lana Fernández de Legaria, José Miguel. |
| 9 (RLIN) | 69885 |
| 740 32 - ENTRADA AGREGADA--TÍTULO RELACIONADO/ANALÍTICO NO CONTROLADO | |
| Título relacionado o analítico no controlado | El sol en el asfalto. |
| 740 32 - ENTRADA AGREGADA--TÍTULO RELACIONADO/ANALÍTICO NO CONTROLADO | |
| Título relacionado o analítico no controlado | La pasión azul. |
| 740 02 - ENTRADA AGREGADA--TÍTULO RELACIONADO/ANALÍTICO NO CONTROLADO | |
| Título relacionado o analítico no controlado | Malviviremos. |
| 830 0# - PUNTO DE ACCESO ADICIONAL DE SERIE-TÍTULO UNIFORME | |
| Título uniforme | El salto de la fortuna |
| 9 (RLIN) | 187286 |
| 852 ## - LOCALIZACIÓN | |
| Ubicación | ES-MaACL |
| Número de control de estantería | C-33115 |
| Estatus retirado | Estado de pérdida | Estado de daño | No para préstamo | Biblioteca de origen | Biblioteca actual | Ubicación en estantería | Fecha de adquisición | Fuente de adquisición | Total de préstamos | Signatura topográfica completa | Código de barras | Visto por última vez | Precio de reemplazo | Tipo de ítem Koha |
|---|---|---|---|---|---|---|---|---|---|---|---|---|---|---|
| Biblioteca del Ateneo de Madrid | Biblioteca del Ateneo de Madrid | Depósito 2 | 17/01/2008 | C-33115 | 1048954 | 23/02/2023 | 23/02/2023 | Libro impreso |
